000 00709nam a2200253Ia 4500
003 OSt
005 20220926012148.0
006 a|||||r|||| 00| 0
007 ta
008 220923b |||||||| |||| 00| 0 eng d
020 _a0571811656
037 _cGeneral Book
040 _aRTL
_cRTL
_beng
041 _2eng
_aeng
082 _aY:36, N8/TD
100 _aHandelman Don
_9145626
245 0 _aModels and mirrors
_b Towards and anthropology of public events
250 _a2
260 _aNew York
_bBerghahn Books
_c1998
300 _aliv,330p
_ccm.
500 _aBibliography : P 301-322
942 _hY:36, N8/TD
_cGB
_2CC
999 _c621944
_d621944